ბათუმის შოთა რუსთაველის სახელმწიფო უნივერსიტეტის ბიბლიოთეკა

სისხლის სამართლის ზოგადი ნაწილი. (ბიბ.ჩანაწერი № 49381)

000 -LEADER
fixed length control field 00973nam a2200265Ia 4500
001 - CONTROL NUMBER
control field 16299
003 - CONTROL NUMBER IDENTIFIER
control field GE_BSU
008 - FIXED-LENGTH DATA ELEMENTS--GENERAL INFORMATION
fixed length control field 181216s||||||||xx |||||||||||||| ||und||
020 ## - INTERNATIONAL STANDARD BOOK NUMBER
International Standard Book Number 9789941920523
040 ## - CATALOGING SOURCE
Transcribing agency GE_BSU
080 ## - UNIVERSAL DECIMAL CLASSIFICATION NUMBER
Universal Decimal Classification number 343(075.8)
100 ## - MAIN ENTRY--PERSONAL NAME
Personal name ნაჭყებია,გურამ.
245 ## - TITLE STATEMENT
Title სისხლის სამართლის ზოგადი ნაწილი.
245 ## - TITLE STATEMENT
Remainder of title სახელმძღვ.
245 ## - TITLE STATEMENT
Statement of responsibility, etc. რედ:ირაკლი დვალიძე.
260 ## - PUBLICATION, DISTRIBUTION, ETC.
Place of publication, distribution, etc. თბილისი
260 ## - PUBLICATION, DISTRIBUTION, ETC.
Name of publisher, distributor, etc. ინოვაცია
260 ## - PUBLICATION, DISTRIBUTION, ETC.
Date of publication, distribution, etc. 2011
300 ## - PHYSICAL DESCRIPTION
Extent 448გვ;20სმ.
300 ## - PHYSICAL DESCRIPTION
Other physical details თავფურ.ავტ.მითით.არ არის.ბიბლიოგრ.ტექსტ.შენიშვნ.
653 ## - INDEX TERM--UNCONTROLLED
Uncontrolled term სამართალი
653 ## - INDEX TERM--UNCONTROLLED
Uncontrolled term სისხლის სამართლის ზოგადი ნაწილი.
942 ## - ADDED ENTRY ELEMENTS (KOHA)
Koha item type წიგნი
ეგზემპლარები
Withdrawn status Lost status Damaged status Not for loan Date acquired Barcode Date last seen Price effective from Koha item type
        2018-12-17 40714 2018-12-17 2018-12-17 წიგნი
        2018-12-17 40715 2018-12-17 2018-12-17 წიგნი